Loading...
World of physics
| Main Author: | |
|---|---|
| Format: | Printed Book |
| Published: |
Mcgraw Hill Book Co., New York
1960
|
| Subjects: |
| LEADER | 00465nam a2200193 4500 | ||
|---|---|---|---|
| 020 | |||
| 082 | |a 530 BEI-W | ||
| 100 | |a Beiser, Arthur | ||
| 245 | |a World of physics | ||
| 250 | |||
| 260 | |a Mcgraw Hill Book Co., New York |c 1960 | ||
| 300 | |a 286 | ||
| 490 | |||
| 500 | |||
| 590 | |a rvr | ||
| 650 | |a Physics | ||
| 942 | |c BK | ||
| 999 | |c 80180 |d 80180 | ||
| 952 | |0 0 |1 0 |4 0 |6 530_000000000000000_BEIW |7 0 |9 93648 |a PHY |b PHY |l 0 |o 530 BEI-W |p PHY01861 |r 2019-09-24 |w 2019-09-24 |y BK | ||